000
00285nam a22001337a 4500
008
170313b xxu||||| |||| 00| 0 eng d
020
_a
0127466401
041
_a
eng
080
_2
3RD
_a
591
100
_a
7
101
_a
shm
245
_a
MEDICAL VIROLOGY
_c
WHITE, D.O
942
_2
udc
_c
BK
999
_c
7667
_d
7667